000 00535nam a2200217Ia 4500
003 OSt
005 20220512095136.0
008 210210b1997 xxu||||| |||| 00| 0 eng d
020 _a81 7014 234 2
040 _aAL
_c
041 _aEnglish
082 _a510.2465 SANB
100 _aSANCHETI (D C) and KAPOOR (V K).
_936207
245 _aBusiness mathematics
250 _a2
260 _aND
_bSultan Chand & Sons
_c1997
300 _ax,10.19,24
690 _aBusiness Mathematics
_936208
906 _a053418
942 _2ddc
_cBK
999 _c101346
_d101346